Understanding the anointing. (Record no. 4136)

000 -LEADER
fixed length control field 01286nam a2200277 a 4500
001 - CONTROL NUMBER
control field :::00001875$&:&@@
003 - CONTROL NUMBER IDENTIFIER
control field OkBaRHE
005 - DATE AND TIME OF LATEST TRANSACTION
control field 20110922135139.0
008 - FIXED-LENGTH DATA ELEMENTS--GENERAL INFORMATION
fixed length control field s1983 g 000 0 eng u
020 ## - INTERNATIONAL STANDARD BOOK NUMBER
International Standard Book Number 0892765070
040 ## - CATALOGING SOURCE
Transcribing agency
100 1# - MAIN ENTRY--PERSONAL NAME
Personal name Hagin, Kenneth E., 1917-2003
245 10 - TITLE STATEMENT
Title Understanding the anointing.
260 ## - PUBLICATION, DISTRIBUTION, ETC. (IMPRINT)
Place of publication, distribution, etc Tulsa, OK., :
Name of publisher, distributor, etc RHEMA Bible Church
Date of publication, distribution, etc 1983
300 ## - PHYSICAL DESCRIPTION
Extent 165 p. ;
Dimensions 22 cm.
650 ## - SUBJECT ADDED ENTRY--TOPICAL TERM
Topical term or geographic name as entry element Anointing of the Holy Spirit.
9 (RLIN) 987
650 ## - SUBJECT ADDED ENTRY--TOPICAL TERM
Topical term or geographic name as entry element Gifts, Spiritual.
9 (RLIN) 467
650 ## - SUBJECT ADDED ENTRY--TOPICAL TERM
Topical term or geographic name as entry element Power (Theology).
9 (RLIN) 988
650 ## - SUBJECT ADDED ENTRY--TOPICAL TERM
Topical term or geographic name as entry element Unction.
9 (RLIN) 989
942 ## - ADDED ENTRY ELEMENTS (KOHA)
Source of classification or shelving scheme
Koha item type Books
Copies
Lost status Source of classification or shelving scheme Current Location Price effective from Not for loan Total Checkouts Collection code Date last seen Total Renewals Shelving location Barcode Koha item type Copy number Damaged status Date acquired Withdrawn status Date checked out Full call number Permanent Location
  RHEMA Bible Training College2010-04-14 1 2012-01-25 General Stacks1875Books1 2010-04-14 2012-01-13BV 601.2 .H33RHEMA Bible Training College
  RHEMA Bible Training College2010-04-14 3 2011-11-103General Stacks21191Books2 2010-04-14 2011-10-13BV 601.2 .H33RHEMA Bible Training College
  RHEMA Bible Training College2010-04-14 1 2021-11-15 General Stacks14822Books3 2010-04-14 2011-10-19BV 601.2 .H33RHEMA Bible Training College
  RHEMA Bible Training College2010-09-25 5 2012-04-108General Stacks00021710Books4 2010-09-25 2012-03-07BV 601.2 .H33RHEMA Bible Training College
  RHEMA Bible Training College2011-04-02  Reference2011-10-20 General Stacks17266Books5 2011-04-02  BV 601.2 .H33RHEMA Bible Training College